| 000 | 00637nam a2200181Ia 4500 | ||
|---|---|---|---|
| 008 | 100917s9999 xx 000 0 und d | ||
| 082 | _b27550 | ||
| 100 | _aलेले रा. के. - अनु. | ||
| 245 | _aहात फिरे तिथे लक्ष्मी फिरे | ||
| 260 |
_bकुलकर्णी ग्रंथागार _c1955 |
||
| 300 | _a112 | ||
| 365 | _b2 | ||
| 520 | _aकथा | ||
| 630 | _aहात फिरे तिथे लक्ष्मी फिरे | ||
| 650 | _aकथा | ||
| 730 | _aहात फिरे तिथे लक्ष्मी फिरे | ||
| 942 | _cBOOK | ||
| 999 |
_c632944 _d632941 |
||